000 01856nam0a2200337 4500
001 RU\NLR\bibl\93470
005 20260407043608.0
010 _a5-7972-0264-6
_9150
021 _aRU
_b2000-11607
_9572
035 _a(NLR Aleph) 000091338
090 _a512562
_c512562
100 _a20000621d2000 |||y0rusy50 ca
101 0 _arus
102 _aRU
105 _aa |||||||||
200 1 _aФондовый рынок - перспективы устойчивого развития
_f[Наливайский Валерий Юрьевич - д.э.н., проф., акад., Пак Марина Викторовна, Кружилина Наталья Олеговна и др.]
_gПод ред. Наливайского В.Ю.
_gМ-во образования Рос. Федерации, Рост. гос. экон. акад. Науч.-исслед. ин-т рег. и муницип. экономики
210 _aРостов н/Д
_cРГЭА
_d2000
215 _a[1], 172 с.
_cсхем.
_d21
320 _aБиблиогр. : с. 170-172
606 0 _aФондовые рынки
_yРоссийская Федерация
_92101570
_3RU\NLR\auth\661270945
686 _aУ26(2)229.5
701 1 _aНаливайский
_bВ. Ю.
_gВалерий Юрьевич
_4070
701 1 _aПак
_bМ. В.
_gМарина Викторовна
_4070
701 1 _aКружилина
_bН. О.
_gНаталья Олеговна
_4070
712 0 2 _4570
_aРостовская-на-Дону экономическая академия
_bНИИ региональной и муниципальной экономики
_9529980
_3RU\NLR\AUTH\8810016068
801 0 _aRU
_bNLR
_c20000621
_gPSBO
801 1 _aRU
_bNLR
_c20000621
852 _aNLR
_j2000-3/5099
942 _cBOOK
980 _aNB